Catálogo

Vista normal Vista MARC

Entrada Personal Name

Número de registros utilizados en: 9

001 - CONTROL NUMBER

  • control field: 6493

003 - CONTROL NUMBER IDENTIFIER

  • control field: DLC

005 - DATE AND TIME OF LATEST TRANSACTION

  • control field: 20220812145326.0

008 - FIXED-LENGTH DATA ELEMENTS

  • fixed length control field: 860428 a|ac|n|aab||||||||| |a |a||||||

010 ## - LIBRARY OF CONGRESS CONTROL NUMBER

  • LC control number: 85296479

040 ## - CATALOGING SOURCE

  • Original cataloging agency: DLC
  • Language of cataloging: spa
  • Description conventions: rda
  • Transcribing agency: Mx-PuUPA
  • Modifying agency: DLC
  • Modifying agency: Mx-PuUPA

046 ## - SPECIAL CODED DATES

  • Birth date: 19451028

100 1# - HEADING--PERSONAL NAME

  • Personal name: Creswell, John W.,
  • Dates associated with a name: 1945-

372 ## - FIELD OF ACTIVITY

  • Field of activity: Psicología

373 ## - ASSOCIATED GROUP

  • Associated group: Universidad de Nebraska--Lincoln
  • Source of term: naf

374 ## - OCCUPATION

  • Occupation: Autor
  • Occupation: Profesor

375 ## - GENDER

  • Gender: Hombre

377 ## - ASSOCIATED LANGUAGE

  • Language code: eng

670 ## - SOURCE DATA FOUND

  • Source citation: Faculty research performance, 1985:
  • Information found: t.p. (John W. Creswell) cover p. 4 (John Creswell, assoc. prof., Dept. of Educational Administration, Univ. of Nebraska-Lincoln)

670 ## - SOURCE DATA FOUND

  • Source citation: The Academic chair handbook, c1990:
  • Information found: CIP t.p. (John W. Creswell) data sheet (b. 10-28-45)

670 ## - SOURCE DATA FOUND

  • Source citation: Biblioteca del Congreso (Estados Unidos), 30 enero 2018 :
  • Information found: catálogo electrónico:
  • Uniform Resource Identifier: https://goo.gl/pDkb7q